Quizzes
Events
Quiz Creation
Community
Videos
Private Events
Remove Ads
Sign In
Join for FREE
Feedback
Dark Mode
Quiz Categories
Sports
Geography
Music
Movies
Television
Just For Fun
Miscellaneous
History
Literature
Language
Science
Gaming
Entertainment
Religion
Holiday
For Kids
Quiz Lab
Recent
Popular Today
Quiz Kudos Today
Editor Picks
Curator Picks
Quizzes by...
Day
Popularity
Type
Ratings
Length
Year
Community
Subscriptions
Recent Discussions
Orange Saloon
Badges
Playlists
Quests
Create
Leaderboards
Showdown
Live 5
Trivia Bingo
Activity
Puzzle Library
Sporcle Events
Private Events
Virtual Trivia
Globe League
Become a Host
Pub Owners
SporcleCon
Opinionation
Our Games
Videos
Blog
Mobile Apps
Partnerships
Remove Ads and Go Orange
Feedback
Sports
Athletes
MLB
NBA
NHL
NFL
Soccer
Sports Teams
WWE
NCAA
Football
Premier League
Basketball
Baseball
Hockey
Golf
Tennis
Cricket
Rugby
Auto Racing
Olympics
World Cup
Sports
Athletes
MLB
NBA
NHL
NFL
Soccer
Sports Teams
WWE
NCAA
Football
Premier League
Basketball
Baseball
Hockey
Golf
Tennis
Cricket
Rugby
Auto Racing
Olympics
World Cup
Random Quiz
Search Sporcle
×
Quiz Lab
Quiz Lab
Sports
Football
Type in answers that appear in a list
Type in answers that appear in a list
Classic
Best Score? Go Orange.
2009 British and Irish Lions Squad Stats
Can you name the 2009 British and Irish Lions Squad?
By
wesder
10m
45 Questions
1,189 Plays
1,189 Plays
1,189 Plays
Comments
Comments
Give Quiz Kudos
Give Quiz Kudos
-
- Ratings
hide this ad
Replay
Link that replays current quiz
Next Quiz
Link to next quiz in quiz playlist
You Got
0%
They Got
Avg Score
74%
Avg Friend Score
Upgrade to see
Score Distribution
Jump to the score distribution portion of the page
Score
0/45
Timer
10:00
0
Plays Today
Position
Name
% Correct
Prop
Adam Jones
96.9%
Fly Half
Stephen Jones
96.8%
Second Row
Alun Wyn Jones
96.5%
Flanker
Ryan Jones
96%
Centre
Brian O'Driscoll
94.4%
Fly Half
Ronan O'Gara
94.2%
Second Row
Paul O'Connell
91.6%
Full Back
Rob Kearney
90.2%
Wing
Shane Williams
89.7%
Flanker
Martyn Williams
89.6%
Number Eight
Jamie Heaslip
88.8%
Scrum Half
Mike Phillips
87.1%
Wing
Tommy Bowe
86.6%
Centre
Jamie Roberts
84.9%
Prop
Gethin Jenkins
82.5%
Second Row
Donncha O'Callaghan
82.3%
Full Back
Lee Byrne
81.3%
Centre
Gordan D'Arcy
80.7%
Prop
Phil Vickery
77.7%
Wing
Ugo Monye
77.5%
Fly Half
James Hook
76.1%
Hooker
Ross Ford
73.8%
Flanker
Tom Croft
73.3%
Position
Name
% Correct
Second Row
Simon Shaw
72.9%
Prop
Euan Murray
72.6%
Hooker
Matthew Rees
72%
Wing
Leigh Halfpenny
71.7%
Centre
Keith Earls
70.8%
Hooker
Jerry Flannery
70%
Centre
Riki Flutey
69.6%
Flanker
Paul Wallace
69.5%
Scrum Half
Mike Blair
66.4%
Wing
Luke Fitzgerald
66.2%
Prop
John Hayes
66%
Flanker
Stephen Ferris
65%
Hooker
Lee Mears
64%
Number Eight
Andy Powell
63.4%
Scrum Half
Harry Ellis
61.2%
Second Row
Nathan Hines
60.1%
Centre
Tom Shanklin
59.4%
Scrum Half
Thomas O'Leary
58.1%
Flanker
Joe Worsley
53.1%
Flanker
Alan Quinlan
38%
Prop
Andrew Sheriden
30.5%
Prop
Tim Payne
28.5%
Quiz Playlist
Details
Report
Send in Message
Add To Playlist
Classic:
Type in answers that appear in a list
Quiz Source
Last Updated: Feb 16, 2017
Quiz Scoreboard
CHALLENGE
Sign Up to Join the Scoreboard
Show All
Scores
Hide
Comments
May contain spoilers
Recently Published
College Basketball Coaching Resumes
by pancakes188
Sports
9m
Billboard Blitz: Fleetwood Mac
by CooCooCachoo
Music
15s
Presidents Visiting Landmarks
by Hejman
History
7m
More to Explore
Quiz From the Vault
Featured Blog Post
Where Did the Easter Bunny Come From?
hide this ad
You Might Also Like...
Tags
Football Quiz
2009
British
irish
Irish Lions
lion
Nationality
Squad
Today's Top Quizzes in Sports
Browse Sports
hide this ad
Today's Top Quizzes in Football
Browse Football
Top Contributed Quizzes in Sports
1
2022 World Cup Stars
2
Les meilleurs buteurs des matchs entre le PSG et l’OM
3
FIFA Club World Cup Champions
4
Les entraîneurs de l'OM et du PSG au 21e siècle
5
Criteria MLB: Left Handed Sluggers
6
AFC Teams Reveal (Wrong Answers Minefield)
7
5-to-1: UK Sports Teams
8
5-to-1: FBS Animal Nicknames
9
2023 MLB Unique Player Accomplishments
10
Name the Premier League winners with different clubs
Explore More
Trending Topics
Anime
Kpop
NBA
Crossword
Harry Potter
Marvel
Disney
WWE
Country
Puzzle
Pokémon
Song
NFL
Soccer
The Office
hide this ad
More By:
wesder
Quiz
Plays
Rating
Category
Featured
Created
2009 British and Irish Lions Squad
1,189
5.00
Sports
Oct 23, 2009
Go to Creator's Profile
Score Distribution
Quiz Creator Spotlight
wesder
Follow
Send a Message
Quizzes Created
-
Created Quiz Play Count
-
More By This Creator
Popular Quizzes Today
1
Find the US States - No Outlines Minefield
2
Find the Countries of Europe - No Outlines Minefield
3
The Countries of the World
4
Find the US States
5
Risky Map Clicking: Biggest States A-Z
6
US States
7
Popular People in 1961
8
Movies - When Are They Set?
More Sports Quizzes
LogiCrossword: Never Relegated Premier League Teams
Curator's Pick
Trending Quizzes
Risky Map Clicking: Least Populous States A-Z
1-10 Letter G Words
1-10 Letter F Words
Risky Map Clicking: Next State Alphabetically
Risky Map Clicking: Biggest States A-Z
Recently Updated
Leaping Animals
pecheneg
Reality TV Shows (A-Z)
bhenderson79
Rickey Henderson's Hall of Fame Teammates
pecheneg
Champions League XIs: Arsenal
pecheneg
Quick Pick: Celebrities in WWE's Hall of Fame
aduchscher
A-Z Keypad Blitz II
pecheneg
Multiple Oscar Actors
pecheneg
Mystery Phrase Blitz: Oscar 'Best Actors'
pecheneg
F. Scott Fitzgerald Novels
LTH
Pick 3 Villains
ddd62291
Trending Topics
Crossword
Kpop
Anime
NBA
Marvel
Harry Potter
Disney
Puzzle
Soccer
Country
NFL
Song
WWE
The Office
Pokémon
Your Account Isn't Verified!
In order to create a playlist on Sporcle, you need to verify the email address you used during registration. Go to your
Sporcle Settings
to finish the process.
Report this User
Report this user for behavior that violates our
Community Guidelines
.
Details:
Send Report
Go to the Sporcle.com Mobile Site →
Comments